Регионална библиотека "Любен Каравелов" - Русе

The Skye`s the Limit (Запис номер 333166)

MARC детайли
000 -Лидер
Контролно поле с фиксирана дължина 01366nam a2200349 c 4500
003 - Код на организацията, давaща контролен номер
Контролно поле BLK
005 - Дата и час на последна редакция
Контролно поле 20240206131414.0
008 - Елементи от данни с фиксирана дължина
fixed length control field 180411b bul|||||r ||||||| ||bul||
010 ## - Наследен системен номер
LC control number KNG00214519000
020 ## - Международен стандартен номер на книга ISBN
Международен стандартен номер на книга ISBN 978-954-344-521-9
040 ## - Източник на каталожния запис
Идентификатор на билиотеката - собственик на записа BLK
041 ## - Код за език
Код за езика на текст/звукозапис или на отделно заглавие Английски
Код за езика КДБФ Английски
Други езици Български
072 #7 - Код за тематичната категория
Код организация bullib
Код за тематична категория Н80
Текст Езикознание Н
080 ## - УДК
Текстов определител УДК Английски език
УДК код - определител по УДК 811.111
УДК определител (076)(075.4)
УДК - код + определител 811.111(076)(075.4)
080 ## - УДК
Текстов определител УДК Английска литература
УДК код - определител по УДК 821.111
УДК определител -322.4
УДК - код + определител 821.111-322.4
100 1# - Редна дума - Автор
Автор Бътлър, Доминик
Авторска отговорност първи автор
R(LIN) 350533
139 ## - Редно поле
Редна дума Бътлър, Доминик
Авторски знак Бър - Б 93
245 10 - Сведения за заглавието
Заглавие The Skye`s the Limit
Подзаглавни данни 20 типично британски кратки разказа за учене на англ. ез. : Ниво B1 - B2
Редно поле (дума) Доминик Бътлър.
257 ## - Страна на издаване
Страна на създаване/издаване България
260 ## - Област на издателските данни
Име на издателя, разпространителя и проч. Клет България
Година на издаване 2019
Печатница Пловдив : Булвест Принт
300 ## - Физическа характеристика
Страници 128 с.
Илюстрации и др. с ил.
Размери/Мащаб 19 см
380 ## - Жанр
Жанр Езикознание. Филология
500 ## - Общи забележки
Забележка За автора: с. 3. - Текст и на бълг. ез.
650 #4 - Допълнително описание по предмет – тема
Основно описание – тема или топоним Английски език
9 (RLIN) 242420
653 ## - Ключова дума – ненормативна
Ключова дума учебни помагала
852 ## - Местоположение
Фондова буква ЧЧЗО - англ. ез. - Британски съвет
Систематично-азбучна сигнатура Ч3 802.0/К 48
856 4# - Електронен адрес и достъп
Електронен формат pdf - файл
856 4# - Електронен адрес и достъп
Електронен формат pdf - файл
999 ## - СИСТЕМНИ КОНТРОЛНИ НОМЕРА
Koha biblionumber 333166
Koha biblioitemnumber 333166
942 ## - АРТИКУЛИ
Вид на библиотечния материал Книги
Скрит в OPAC Не
Koha issues (borrowed), all copies 2
944 ## - СЪЗДАВАНЕ И РЕДАКЦИЯ на ЗАПИСА
Създаване/Редакция Създаване
Дата на регистрацията/редакция 22.11.2017
Служител, извършил регистрацията/редакцията 30529
Статус, дата на статуса Диана Гривева
999 ## - СИСТЕМНИ КОНТРОЛНИ НОМЕРА
Koha biblioitemnumber 333166
Наличности
Код за отписване Код за изгубен артикул Източник на класификационната схема Код за повреда Код за отдаване Артикулен № Име на библиотеката - собственик Име на библиотеката, в която се намира в момента Статус (Текущо местоположение) Дата на вписване в системата Местоположение - отдел Цена в лева Систематично азбучна сигнатура Баркод Цена в евро Служебен тип на артикула
  Не е изгубен Universal Decimal Classification Не е повреден заемане за дома 730849 Регионална библиотека "Любен Каравелов" Русе Регионална библиотека "Любен Каравелов" Русе ЧЧЗО - англ. ез. - Британски съвет 2019-07-17 ЧЧЗО - англ. ез. - Британски съвет 9.67 Ч3 802.0/Б93 120000834440 4.94 Книги
Vip Innovations Ltd, Rousse, Bulgaria 2025